Introduction to organic chemistry / (Record no. 516)

000 -LEADER
fixed length control field 01152nam a2200325 a 4500
003 - CONTROL NUMBER IDENTIFIER
control field OCoLC
005 - DATE AND TIME OF LATEST TRANSACTION
control field 20210615071125.0
008 - FIXED-LENGTH DATA ELEMENTS--GENERAL INFORMATION
fixed length control field 091222s2011 njua 001 0 eng
020 ## - INTERNATIONAL STANDARD BOOK NUMBER
International Standard Book Number 9780470424131
040 ## - CATALOGING SOURCE
Transcribing agency UKM
050 #4 - LIBRARY OF CONGRESS CALL NUMBER
Classification number QD253.2
Item number .B76 2011
090 ## - LOCALLY ASSIGNED LC-TYPE CALL NUMBER (OCLC); LOCAL CALL NUMBER (RLIN)
Classification number (OCLC) (R) ; Classification number, CALL (RLIN) (NR) QD253 .B74 2011
100 1# - MAIN ENTRY--PERSONAL NAME
Personal name Brown, William Henry,
Dates associated with a name 1932-
245 10 - TITLE STATEMENT
Title Introduction to organic chemistry /
Statement of responsibility, etc. William H. Brown and Thomas Poon.
250 ## - EDITION STATEMENT
Edition statement 4th ed.
260 ## - PUBLICATION, DISTRIBUTION, ETC.
Place of publication, distribution, etc. Hoboken, NJ :
Name of publisher, distributor, etc. John Wiley & Sons,
Date of publication, distribution, etc. c2011.
300 ## - PHYSICAL DESCRIPTION
Extent 1 v. (various pagings) :
Other physical details ill. (some col.) ;
Dimensions 29 cm. +
Accompanying material Student Solutions manual (679 p. : ill. ; 29 cm.)
500 ## - GENERAL NOTE
General note Accompanied by: Student solutions manual [for use with] Introduction to organic chemistry. 4th ed.
500 ## - GENERAL NOTE
General note Includes index.
650 #0 - SUBJECT ADDED ENTRY--TOPICAL TERM
Topical term or geographic name entry element Chemistry, Organic.
700 1# - ADDED ENTRY--PERSONAL NAME
Personal name Poon, Thomas,
Dates associated with a name 1968-
740 0# - ADDED ENTRY--UNCONTROLLED RELATED/ANALYTICAL TITLE
Name of part/section of a work Student solutions manual.
907 ## - LOCAL DATA ELEMENT G, LDG (RLIN)
a .b30710522
942 ## - ADDED ENTRY ELEMENTS (KOHA)
Source of classification or shelving scheme
Koha item type Book
Suppress in OPAC SO
Holdings
Withdrawn status Lost status Source of classification or shelving scheme Damaged status Not for loan Permanent Location Current Location Shelving location Date acquired Total Checkouts Total Renewals Full call number Barcode Date last seen Date last checked out Price effective from Koha item type Public note
          AU LIBRARY AU LIBRARY Open Shelf 15.06.2021 4 1 QD253.2 .B76 2011 28002946 13.03.2024 09.02.2023 15.06.2021 Book SO

Powered by Koha